Quizzes
Events
Quiz Creation
Community
Videos
Private Events
Remove Ads
Sign In
Join for FREE
Feedback
Dark Mode
Quiz Categories
Sports
Geography
Music
Movies
Television
Just For Fun
Miscellaneous
History
Literature
Language
Science
Gaming
Entertainment
Religion
Holiday
For Kids
Quiz Lab
Recent
Popular Today
Quiz Kudos Today
Editor Picks
Curator Picks
Quizzes by...
Day
Popularity
Type
Ratings
Length
Year
Community
Subscriptions
Recent Discussions
Orange Saloon
Badges
Playlists
Quests
Create
Leaderboards
Showdown
Live 5
Trivia Bingo
Activity
Puzzle Library
Sporcle Events
Private Events
Virtual Trivia
Globe League
Become a Host
Pub Owners
SporcleCon
Opinionation
Our Games
Videos
Blog
Mobile Apps
Partnerships
Remove Ads and Go Orange
Feedback
Sports
Athletes
MLB
NBA
NHL
NFL
Soccer
Sports Teams
WWE
NCAA
Football
Premier League
Basketball
Baseball
Hockey
Golf
Tennis
Cricket
Rugby
Auto Racing
Olympics
World Cup
Sports
Athletes
MLB
NBA
NHL
NFL
Soccer
Sports Teams
WWE
NCAA
Football
Premier League
Basketball
Baseball
Hockey
Golf
Tennis
Cricket
Rugby
Auto Racing
Olympics
World Cup
Random Quiz
Search Sporcle
×
Quiz Lab
Quiz Lab
Sports
MLB
Type in answers that appear in a list
Type in answers that appear in a list
Classic
Best Score? Go Orange.
MLB 2009 World Series Quiz Stats
Can you name the answers to these questions about the teams involved in the 2009 World Series?
By
jmnyyankees10
10m
44 Questions
142 Plays
142 Plays
142 Plays
Comments
Comments
Give Quiz Kudos
Give Quiz Kudos
-
- Ratings
hide this ad
Forced Order
Answers have to be entered in order
Answers have to be entered in order
Replay
Link that replays current quiz
Next Quiz
Link to next quiz in quiz playlist
You Got
0%
They Got
Avg Score
74%
Avg Friend Score
Upgrade to see
Score Distribution
Jump to the score distribution portion of the page
Score
0/44
Timer
10:00
0
Plays Today
Hint
Answer
% Correct
Philadelphia (93-
69)
Phillies
97.9%
Philadelphia (93-
69)
National League East
95.8%
New York (103-
59)
Yankees
92.3%
New York (103-
59)
American League East
91.5%
New York (103-
59)
Yankee Stadium
90.8%
New York (103-
59)
2003 - lost to Florida
88%
New York (103-
59)
Derek Jeter (.334)
87.3%
All-
Stars
Derek Jeter
87.3%
New York (103-
59)
Mariano Rivera (44)
85.9%
World Series
6 (4-2)
85.9%
New York (103-
59)
Joe Girardi
84.5%
New York (103-
59)
C.C. Sabathia (19)
84.5%
World Series
New York Yankees
84.5%
Philadelphia (93-
69)
Ryan Howard (45)
83.8%
World Series
27
83.8%
Philadelphia (93-
69)
2008 - beat Tampa Bay
83.1%
All-
Stars
Ryan Howard
81.7%
World Series
FOX
80.3%
Philadelphia (93-
69)
Jimmy Rollins (31)
78.9%
New York (103-
59)
Mark Teixeira (39)
78.9%
All-
Stars
Chase Utley
78.2%
New York (103-
59)
Alex Rodriguez ($32 million)
77.5%
Hint
Answer
% Correct
All-
Stars
Mariano Rivera
76.8%
All-
Stars
Mark Teixeira
76.1%
New York (103-
59)
Derek Jeter (30)
75.4%
Philadelphia (93-
69)
Citizens Bank Park
72.5%
New York (103-
59)
Los Angeles Angels of Anaheim
72.5%
World Series
Hideki Matsui (.615 BA, 3 HR, 8 RBI, 8 H, 1.385 SLG)
71.8%
New York (103-
59)
Brian Cashman
71.1%
Philadelphia (93-
69)
Charlie Manuel
67.6%
Philadelphia (93-
69)
Brad Lidge (31)
67.6%
Philadelphia (93-
69)
Los Angeles Dodgers
67.6%
Philadelphia (93-
69)
Ryan Howard (.333 BA, 2 HR, 8 RBI, 5 H, 5 R, 6 BB)
65.5%
Philadelphia (93-
69)
Chase Utley ($11 million)
65.5%
All-
Stars
Shane Victorino
61.3%
Philadelphia (93-
69)
Shane Victorino (.292)
60.6%
New York (103-
59)
C.C. Sabathia (2-0, 1.13 ERA, 12 K's, 16 IP)
60.6%
All-
Stars
Jayson Werth
55.6%
World Series
105
54.2%
Philadelphia (93-
69)
Joe Blanton/J.A. Happ/Jamie Moyer (12)
50.7%
All-
Stars
Raul Ibanez
50.7%
Philadelphia (93-
69)
1950 - lost 0-4
45.1%
New York (103-
59)
1950 - won 4-0
44.4%
Philadelphia (93-
69)
Ruben Amaro, Jr.
40.8%
Quiz Playlist
Details
Report
Send in Message
Add To Playlist
Classic:
Type in answers that appear in a list
Forced Order:
Answers have to be entered in order
Quiz Source
Last Updated: Feb 16, 2017
Quiz Scoreboard
CHALLENGE
Sign Up to Join the Scoreboard
Show All
Scores
Hide
Comments
May contain spoilers
Recently Published
Presidents Visiting Landmarks
by Hejman
History
7m
An Introduction to Baseball
by treessimontrees
Sports
5m
Movies - When Are They Set?
by FPL_Elf
Movies
5m
More to Explore
Quiz From the Vault
Featured Blog Post
Where Did the Easter Bunny Come From?
hide this ad
You Might Also Like...
Tags
Baseball Quiz
MLB Quiz
World Quiz
2009
Involved
team
Today's Top Quizzes in Sports
Browse Sports
hide this ad
Today's Top Quizzes in MLB
Browse MLB
Top Contributed Quizzes in Sports
1
Les meilleurs buteurs des matchs entre le PSG et l’OM
2
2022 World Cup Stars
3
FIFA Club World Cup Champions
4
Les entraîneurs de l'OM et du PSG au 21e siècle
5
Name the Premier League winners with different clubs
6
La finale Lions - Afrique du Sud 2021
7
5-to-1: UK Sports Teams
8
England Test cricketers to play under Nasser Hussain
9
Players with Multiple 50 Home Run Seasons
10
AFC Teams Reveal (Wrong Answers Minefield)
Explore More
Trending Topics
Disney
NBA
Crossword
Anime
Harry Potter
Kpop
Marvel
Country
NFL
Soccer
The Office
Song
Puzzle
Pokémon
WWE
hide this ad
More By:
jmnyyankees10
Quiz
Plays
Rating
Category
Featured
Created
MLB Highest Paid Player by Year
78,430
4.71
Sports
Apr 18, 2014
MLB HoF Highest Voting Percentage by Position
57,861
4.57
Sports
May 21, 2015
MLB Home Run Leaders by Two-Decade Span
42,410
4.71
Sports
Jul 19, 2015
MLB: Hall of Famers Active in 1990
34,793
4.82
Sports
Jan 1, 2016
MLB Hitting Leaders by Batting Hand (Career)
31,411
4.66
Sports
Mar 24, 2015
Go to Creator's Profile
Score Distribution
Quiz Creator Spotlight
jmnyyankees10
Follow
Send a Message
Quizzes Created
-
Created Quiz Play Count
-
More By This Creator
Popular Quizzes Today
1
Find the US States - No Outlines Minefield
2
Find the Countries of Europe - No Outlines Minefield
3
The Countries of the World
4
Find the US States
5
Popular People in 1961
6
US States
7
Risky Map Clicking: Biggest States A-Z
8
1-10 Letter E Words III
More Sports Quizzes
Criteria Cricket: Best Bowling in an Innings
Quiz Lab
Trending Quizzes
Risky Map Clicking: Least Populous States A-Z
1-10 Letter G Words
1-10 Letter F Words
One Thing in Common: United Kingdom
Risky Map Clicking: Next State Alphabetically
Recently Updated
Leaping Animals
pecheneg
Reality TV Shows (A-Z)
bhenderson79
Rickey Henderson's Hall of Fame Teammates
pecheneg
Champions League XIs: Arsenal
pecheneg
Quick Pick: Celebrities in WWE's Hall of Fame
aduchscher
A-Z Keypad Blitz II
pecheneg
Multiple Oscar Actors
pecheneg
Mystery Phrase Blitz: Oscar 'Best Actors'
pecheneg
F. Scott Fitzgerald Novels
LTH
Pick 3 Villains
ddd62291
Trending Topics
Anime
Crossword
NBA
Kpop
Disney
Harry Potter
Marvel
The Office
Soccer
NFL
Song
Puzzle
Country
WWE
Pokémon
Your Account Isn't Verified!
In order to create a playlist on Sporcle, you need to verify the email address you used during registration. Go to your
Sporcle Settings
to finish the process.
Report this User
Report this user for behavior that violates our
Community Guidelines
.
Details:
Send Report
Go to the Sporcle.com Mobile Site →
Comments